000 00573nam a2200229Ia 4500
003 OSt
005 20220918202436.0
006 a|||||r|||| 00| 0
007 ta
008 220917b |||||||| |||| 00| 0 eng d
024 _a101,217
037 _cTextual
040 _aARTS
_cARTS
_beng
041 _2eng
_aeng
082 _aV2112:1:L9, K9
100 _aRajayyan K
_9103752
245 0 _aHistory of British diplomacy on Tanjore
260 _c1969
650 _aHISTORY
942 _hV2112:1:L9, K9
_cTEXL
_2CC
999 _c224729
_d224729